Statistics for Which countries do you cross? Paris - Sydney

Click here to take the quiz!

General Stats

  • This quiz has been taken 170 times
    (166 since last reset)
  • The average score is 17 of 19

Answer Stats

KmCountry% Correct
288India
98%
619Indonesia
96%
636Germany
95%
53Russia
94%
3152Australia
93%
2002China
93%
174Malaysia
92%
2042Kazakhstan
91%
213France
90%
397Laos
89%
539Poland
89%
17Ukraine
89%
64Vietnam
89%
37Belgium
87%
261Myanmar
87%
551Belarus
86%
35Luxembourg
86%
404Kyrgyzstan
78%
48East Timor
75%

Score Distribution

Percentile by Number Answered

Percent of People with Each Score

Your Score History

You have not taken this quiz since the last reset